Príprava analytickej evidencie pohľadávok a záväzkov

Salvato in:
Dettagli Bibliografici
Autore principale: Kubaščíková, Zuzana, 1982-
Natura: Capitolo di libro
Lingua:slovacco
Soggetti:
Tags: Aggiungi Tag
Nessun Tag, puoi essere il primo ad aggiungerne!!

MARC

LEADER 00000naa a2200000 4500
001 0173669
005 20240502072947.4
041 0 |a slo 
044 |a SK 
245 1 0 |a Príprava analytickej evidencie pohľadávok a záväzkov  |c Zuzana Kubaščíková 
610 2 0 |a pohľadávky 
610 2 0 |a záväzky 
610 2 0 |a účty analytické 
610 2 0 |a účtovníctvo 
100 1 |a Kubaščíková, Zuzana, 1982-